000 00241nam a2200097Ia 4500
001 683637
005 20250826161442.0
008 250824s9999 xx 000 0 und d
245 0 _aŞIK
_cHÜSEYİN RAHMİ GÜRPINAR
260 _bEVEREST YAYINLARI
999 _c683637
_d683637